000 00318nam a22001337a 4500
008 170623b xxu||||| |||| 00| 0 eng d
020 _a9780964418417
041 _aeng
080 _a94(4)
100 _a21
101 _aSHP
245 _aLAND OF FIREBIRD THE BEATY OF OLD RUSSIA
_cMASSIE.S
942 _2udc
_cBK
999 _c18981
_d18981